Á lódáil...

Production of commodities by means of commodities: prelude to a critique of economic theory

Sonraí Bibleagrafaíochta
Príomhúdar: Sraffa, Piero
Formáid: Printed Book
Teanga:English
Foilsithe: Cambridge, Cambridge University press 1960
Ábhair:
LEADER 006980000a22002410004500
015 |a M 
020 |a 0 521 09969 2 
041 |a eng 
082 |a 338 K0 
100 |a Sraffa, Piero 
245 |a Production of commodities by means of commodities: prelude to a critique of economic theory 
260 |a Cambridge, Cambridge University press 
260 |c 1960 
650 |a Capital 
650 |a Commodities 
650 |a Economic theory 
650 |a Fixed capital 
650 |a Labour 
650 |a Land 
650 |a Production 
942 |c BK 
999 |c 137359  |d 137355 
952 |0 0  |1 0  |4 0  |6 338_000000000000000_K0  |7 0  |9 136141  |a SIRP  |b SIRP  |d 2017-10-05  |l 0  |o 338 K0  |p SIRP02578  |r 2017-10-05  |w 2017-10-05  |y BK